000 00337nam a2200145Ia 4500
008 150201s2010 xx 000 0 und d
082 _a150
_bP10B
100 _aBASAVANATHAPPA , BT.
245 _aPSYCHOLOGY FOR NURSES
250 _a1ST
260 _bJAYPEE
_aINDIA
_c2010
300 _a732
650 _aPSYCHOLOGY
942 _2ddc
_cBK
_08
999 _c2220
_d2220